01056nabaa22001937a 4500003000400000005001700004008004100021040000700062100002200069245014600091300001300237500003700250505028100287505008900568650002700657650002700684650003700711773011400748OSt20260125002037.0190701b xxu||||| |||| 00| 0 spa d cPJ aBonadeo, Mariela 13aValidez constitucional del DNU 70/2023 :banálisis de los pronunciamientos de la Corte Suprema y tribunales inferiores /cMariela Bonadeo.  ap. 67-94 aCita: TR LALEY AR/DOC/1894/2024  aSumario: I. Introducción.— II. Génesis y evolución de los decretos de necesidad y urgencia.— III. El control de constitucionalidad.— IV. La noción de caso o causa judicial.— V. Análisis de algunas causas que versan sobre el DNU 70/2023.— VI. Conclusiones.  t¿Te interesa el texto completo? Comunicate al correo: koha@justierradelfuego.gov.ar 0aDERECHO ADMINISTRATIVO 0aADMINISTRACION PUBLICA 0aDECRETOS DE NECESIDAD Y URGENCIA0 02842dBuenos Aires : AbeledoPerrot, 2012-oDA121tDerecho administrativo. Nº 154 julio/agosto 2024z18510590